Online
Catalog

Las moradas filosofales : (Record no. 36488)

MARC details
000 -CABECERA
campo de control de longitud fija 00703nam a2200193 a 4500
001 - NÚMERO DE CONTROL
campo de control 000036998
005 - FECHA Y HORA DE LA ÚLTIMA TRANSACCIÓN
campo de control 20200930080055.0
008 - DATOS DE LONGITUD FIJA--INFORMACIÓN GENERAL
campo de control de longitud fija 120207s1973 sp a 000 0 spa d
040 ## - FUENTE DE LA CATALOGACIÓN
Centro catalogador/agencia de origen DO-SdBNP
Lengua de catalogación spa
Centro/agencia transcriptor BNPHU
082 ## - NÚMERO DE LA CLASIFICACIÓN DECIMAL DEWEY
Número de clasificación xxxx
Número de documento/Ítem F962m, 1973
100 1# - ENTRADA PRINCIPAL--NOMBRE DE PERSONA
Nombre de persona Fulcanelli
9 (RLIN) 63393
240 14 - TÍTULO UNIFORME
Título uniforme Les demeures philosophales
Lenguaje de la obra Español
245 14 - MENCIÓN DE TÍTULO
Título Las moradas filosofales :
Resto del título y el simbolismo hermetica en sus relaciones con el arte sagrado y el esoterrismo de la gran obra /
Mención de responsabilidad, etc. Fulcanelli; traducción de Vicente Villacampa.
250 ## - MENCIÓN DE EDICIÓN
Mención de edición 3a ed.
260 ## - PUBLICACIÓN, DISTRIBUCIÓN, ETC.
Lugar de publicación, distribución, etc. Barcelona :
Nombre del editor, distribuidor, etc. Plaza & Janes,
Fecha de publicación, distribución, etc. 1973.
300 ## - DESCRIPCIÓN FÍSICA
Extensión 507 p. ;
Dimensiones 22 cm.
500 ## - NOTA GENERAL
Nota general Traducido del francés
700 1# - PUNTO DE ACCESO ADICIONAL--NOMBRE DE PERSONA
Nombre de persona Villacampa, Vicente ,
Término indicativo de función/relación tr.
9 (RLIN) 13769
Holdings
Estado de retiro Estado de pérdida Restricciones de uso No para préstamo Código de colección Localización permanente Ubicación/localización actual Ubicación en estantería Fecha de adquisición Número de inventario Total de préstamos Signatura topográfica completa Código de barras Fecha visto por última vez Precio válido a partir de Tipo de ítem Koha
      Excluido de préstamo Monografías: Libros y Folletos General General En catalogación 07.02.2012 LF1   xxxx F962m, 1973 36998-10 25.06.2020 25.06.2020 No se presta

Powered by Koha